00338nam a2200109Ia 4500008004100000082000800041100002100049245004000070942000600110952009700116999001500213240331s9999 xx 000 0 und d bGOP aGopalaratnam,S.M 0aEelam-muduviiap piyanathi varalaaru cL 001040708LaWERCLbWERCLcSSCd2024-03-31l0o 323.4 GOPp6467r2024-03-31w2024-03-31yL c4619d4619